1988 1300 1860 1816 1467 1517 1924 1631 1192 1110 1771 1438 1492 1000 1679 1800 1052 1595 1315 1167 1199 1749 1471 1307 1312 1222 1885 1215 1844 1738 1664 1189 1637 1627 1195 1735 1479 1517 1864 1614 1240 1259 1496 1502 1691 1862 1777 1070 1836 1367 1492 1424 1585 1922 1765 1625 1371 1131 1360 1206 1873 1406 1119 1064 1174 1986 1532 1638 1351 1566 1094 1121 1074 1333 1885 1486 1609 1408 1368 1684 1904 1208 1078 1553 1405 1545 1309 1967 1919 1819 1840 1562 1195 1176 1443 1105 1529 1784 1160 BCNSPRNW ULIB Ver.6.0+V

เปลี่ยนเป็นภาษาไทย

Change to English
 แสดงรายละเอียดบรรณานุกรม
  กลับหน้าหลัก

Brief Record : Get Marc (ISO 2709) : E-mail record : QR code < ปิดหน้าต่าง
LEADER : 00000nam 2200000uu 4500
001    13399126414
003     ULIB
008    020711s2015 th a 000 0 eng d
020    ^a9780199361465
060    ^aWT145^bJ61G
100    ^aJimmie C. Holland, Talia Weiss Wiesel, Christian J. Nelson, Andrew J. Roth, and Yesne Alici
245    ^aGeriatric Psycho-Oncology: A Quick Reference on the Psychosocial Dimensions of Cancer Symptom Management
260    ^aNew York :^bOxford University Press,^c2015
300    ^a205 pages;^b19 cm
650    ^aAged-psychology
650    ^aMental Disorders-psychology
650    ^aNeoplasms-psychology
650    ^aPatients-psychology
945    ^p2465^l0^i004640
999    ^aประนอม เกษจรัล
รายการนี้ยังไม่มีแท็ก
คุณยังไม่ได้ล็อกอิน คุณสามารถมีกิจกรรมร่วมกับเว็บไซต์ได้ แต่ต้องล็อกอินก่อน ::
  ล็อกอิน

รายการสื่อสารสนเทศ

ลำดับที่ ประเภท เลขเรียก/บาร์โค้ด สถานที่ สถานะ
1. วิทยาศาสตร์การแพทย์ และสุขภาพ
หนังสือสำรอง
สถานะ=หนังสือสำรอง
WT145 J61G ฉ.1 
  Barcode: 004640
ห้องสมุดวิทยาเขตสวรรค์ประชารักษ์
►หนังสือทั่วไป
บนชั้น

รายการใกล้เคียง
    หัวเรื่อง [Aged-psychology]

BibComment


ยังไม่เคยถูกคอมเมนท์

คอมเมนท์ทรัพยากรรายการนี้
  คอมเมนท์: Geriatric Psycho..


 Copyright 2026. Bcnsprnw @Library